00942nam a2200229Ia 4500003000900000008004100009020001800050040001600068080002200084111009200106245017300198260004200371300001600413490002600429650002700455650003200482650004900514700002900563942000700592999001500599952009800614IN-BaIIA211028s9999 xx 000 0 eng d a90-277-0470-8 cIIA Library a082.2:52bIAU-S66 aInternational Astronomical Union Symposiumn66thcWarsaw, Polandd1973 Sep. 10-1298355 0aLate stages of stellar evolutionbproceedings of the IAU symposium no.66 (Copernicus Symposium V), held in Warsaw, Poland, September 10-12, 1973cedited by R. J. Tayler aDordrechtbD. Reidel Publishingc1974 aviii, 269p. aIAU Symposium; no. 66 a Star formation98356 a Stellar evolution 98357 aAstronomy and Astrophysics Thesaurus 91143 aTayler, R. J., ed.98358 cBK c4713d4713 00104070aBANbBANcGENd1975-05-08l0o082.2:52/ IAU-S66p5267r2021-11-05w1975-05-08yBK